| 000 | 00889nam a22002777a 4500 | ||
|---|---|---|---|
| 999 |
_c15694 _d15694 |
||
| 003 | AR-CdUCM | ||
| 008 | 190429b ||||| |||| 00| 0 spa d | ||
| 040 |
_aMUNICIPALIDAD PROVINCIAL DEL CUSCO _cBIBLIOTECA MUNICIPAL DEL CUSCO |
||
| 082 |
_aEP / 398 / _bR78 |
||
| 100 |
_aRojas Román, Felícitas Victoria _933112 |
||
| 245 | _aSatuka pasñamanta / | ||
| 260 |
_aApurímac : _bKinkos, _c2009. |
||
| 300 |
_a16 páginas ; _bilustraciones, retrato, _c21 cm. |
||
| 500 | _aTexto en Quechua. | ||
| 650 |
_aLiteratura _983 |
||
| 650 |
_aCuentos Quechua _934848 |
||
| 650 |
_aSiglo XXI _92856 |
||
| 650 |
_aAprendizaje _92143 |
||
| 700 |
_aCariapaza Nayhua, María Elena _934859 |
||
| 710 |
_aUnidad de Gestión Educativa Local - Andahuaylas _934850 |
||
| 710 |
_aOPS _934851 |
||
| 710 |
_aUNFPA. _934852 |
||
| 710 |
_aUNICEF. _99438 |
||
| 942 |
_2ddc _cLIBROS |
||
| 945 |
_aachl _d2019-04-29 |
||